00349nam a2200121Ia 4500008004100000041000800041082001600049100002200065245004400087260003300131300002000164520004300184240719s9999 xx 000 0 und d aeng a332.042 EPS aEpstein, J. Barry aWiley IFRS 2009-10 For Indian Companies aNew DelhibWiley Indiac2009 a1412.; P. 26 Cm aGifted By : IMT Faculty Dr. Pawan Jain